000 01711cam a22004694i 4500
003 PE-LiUPU
005 20250731173001.0
008 150623s r 000 0 d
020 _a0664257038
035 _a(Sirsi) i9780664257033
040 _aPE-LiUPU
_bspa
_cPE-LiUPU
_erda
049 _aPRUA
082 0 4 _a232.9
_bP82
_221
100 1 _aPowell, Mark Allan,
_eautor.
245 1 0 _aJesús as a figure in history :
_bhow modern historians view the man from Galilee /
_cMark Allen Powell.
264 1 _aLousville, Kentucky :
_bWestminster John Knox Press,
_c1998.
300 _a238 páginas ;
_c23 centímetros
336 _atext
_2rdacontent
337 _aunmediated
_2rdamedia
338 _avolume
_2rdacarrier
504 _aIncluye bibliografía.
505 0 _aHistorian discover Jesus. -Sources and criteria. -Snapshots: Contemporary images of Jesus. -The Jesus Seminar. -John Dominic Crossan. -Marcus J. Borg. -E.P. Sanders. -John P. Meier. -N.T. Wright. -the quest continues: issues and concerns.
526 _aSEG42
526 _aSEG41
526 _aSEG40
526 _aSEG39
526 _aP94
526 _aP87
526 _aP86
526 _aP85
526 _aP77
526 _aP76
526 _aP35
700 1 _aJesucristo
700 1 _aJesucristo.
942 _2ddc
_cBOOK
949 _a232.9 P82
_wDEWEY
_c1
_i45535
_lCCODEBUL1
_mBUL
_r0
_sY
_tBOOK
_u2015-6-24
_xTEOLOGIA
_PP35
_0COMPRA
_o.STAFF. Colección General
994 _aC0
_bPEPRU
596 _a1
999 _a232.9 P82
_wDEWEY
_c22397
_i45535
_f2021-11-10
_g5
_lCCODEBUL1
_mBUL
_r0
_sY
_tBOOK
_u2015-6-24
_xTEOLOGIA
_PP35
_0COMPRA
_o.STAFF. Colección General
_d22397
980 _81
_gALBERTO SANCHEZ Responsable de Automatización